Qui chante ? - 7 (International) - Statistiques

Statistiques générales
  • Ce quiz a été pris 145 fois
  • Le résultat moyen est 11 sur 20
Statistiques - réponses
Hint Réponse % Correct
All I want for Christmas is you Mariah Carey
93%
Rolling in the deep Adele
86%
Like a virgin Madonna
85%
Lose yourself Eminem
80%
I will always love you Whitney Houston
78%
Hey Jude The Beatles
76%
Born in the USA Bruce Springsteen
70%
They don't care about us Michael Jackson
68%
Respect Aretha Franklin
58%
Space oddity David Bowie
53%
Kiss Prince
52%
You know I'm no good Amy Winehouse
51%
Redemption song Bob Marley
50%
Georgia on my mind Ray Charles
43%
Like a Rollling Stone Bob Dylan
39%
I just called to say I love you Stevie Wonder
39%
Light my fire The Doors
34%
Nikita Elton John
31%
Don't be cruel Elvis Presley
30%
Living in America James Brown
26%
Aucun quiz correspondant
Distribution des résultats
% des personnes avec chaque résultat
Percentile par nombre de réponses
Votre historique - résultats
Vous n’avez pas pris ce quiz